[Event "London Classic CSC op U2000 7th"]
[Site "London"]
[Date "2015.12.06"]
[Round "4"]
[White "Cheslavski, Maksim"]
[Black "Jennings, Richard"]
[Result "0-1"]
[WhiteElo "1947"]
[BlackElo "1844"]
[PlyCount "70"]
[EventDate "2015.12.04"]
[EventType "swiss"]
[EventRounds "5"]
[EventCountry "ENG"]
[SourceTitle "CBM 169 Extra"]
[Source "ChessBase"]
[SourceDate "2015.12.18"]
[SourceVersion "1"]
[SourceVersionDate "2015.12.18"]
[SourceQuality "1"]

1. d4 e6 2. Nf3 b6 3. Bf4 Bb7 4. e3 d6 5. Nbd2 Nf6 6. h3 Be7 7. Bd3 Nbd7 8. Qe2 c5 9. c3 Qc7 10. 0-0 0-0 11. Rad1 Rfe8 12. e4 cxd4 13. cxd4 Rac8 14. a3 Bf8 15. e5 dxe5 16. dxe5 Nd5 17. Bxh7+ Kxh7 18. Ng5+ Kg8 19. Qh5 N7f6 20. Qh4 Qc2 21. Nde4 Nxf4 22. Qxf4 Rc4 23. exf6 Rxe4 24. Qg3 Bd5 25. Rc1 Qxb2 26. Nxf7 Kxf7 27. Rc7+ Kxf6 28. f4 Re7 29. f5 exf5 30. Qd6+ Be6 31. Kh1 Qe5 32. Qd8 Qxc7 33. Qxf8+ Bf7 34. Qh8 Re8 35. Qh7 Bg6 0-1

[Event "London Imperial College op"]
[Site "London"]
[Date "2013.02.03"]
[Round "4"]
[White "Cheslavski, Maksim"]
[Black "Gupta, Arul"]
[Result "1/2-1/2"]
[WhiteElo "1966"]
[BlackElo "1760"]
[PlyCount "139"]
[EventDate "2013.02.01"]
[EventType "swiss"]
[EventRounds "5"]
[EventCountry "ENG"]
[SourceTitle "CBM 153 Extra"]
[Source "ChessBase"]
[SourceDate "2013.04.22"]
[SourceVersion "1"]
[SourceVersionDate "2013.04.22"]
[SourceQuality "1"]

1. d4 d5 2. Nf3 Nf6 3. Bf4 e6 4. e3 Bd6 5. Bg3 0-0 6. Bd3 c5 7. c3 Nc6 8. Nbd2 Qc7 9. dxc5 Bxg3 10. hxg3 h6 11. 0-0 e5 12. e4 Bg4 13. Qc2 d4 14. b4 Rad8 15. a3 a6 16. cxd4 exd4 17. Rfe1 Rfe8 18. Nc4 Bxf3 19. gxf3 Ne5 20. Nxe5 Rxe5 21. f4 Re7 22. Rad1 a5 23. Be2 Nxe4 24. Bf3 Nc3 25. Rxe7 Qxe7 26. Rd3 axb4 27. axb4 g6 28. Qd2 Qd7 29. Kg2 Kg7 30. Qe1 Re8 31. Rxd4 Qxd4 32. Qxe8 Nd5 33. b5 Nc7 34. Qe5+ Qxe5 35. fxe5 Nxb5 36. Bxb7 f6 37. exf6+ Kxf6 38. Kf3 Ke5 39. Ke3 g5 40. Kd3 h5 41. Ke3 Nc7 42. f4+ gxf4+ 43. gxf4+ Kf6 44. Bf3 h4 45. Bg4 Ne6 46. c6 Nc7 47. Ke4 Ke7 48. Ke5 Ne8 49. Bh3 Kd8 50. f5 Kc7 51. Bg2 h3 52. Bh1 Nd6 53. f6 Nf7+ 54. Ke6 Nd8+ 55. Ke7 Nxc6+ 56. Kf7 Nd8+ 57. Ke8 h2 58. Bf3 Kc8 59. Bg2 Kc7 60. Bh1 Kc8 61. Ke7 Kc7 62. Bf3 Nc6+ 63. Ke8 Nd8 64. Bg2 Kc8 65. Bh3+ Kc7 66. Bg2 Kc8 67. Bd5 Kc7 68. f7 Nxf7 69. Kxf7 h1Q 70. Bxh1 1/2-1/2